|
|
|
|
| LEADER |
00902nam a22002532a 4500 |
| 001 |
001401760 |
| 003 |
CZ BrMZK |
| 005 |
20150203073845.0 |
| 007 |
ta |
| 008 |
140709s1960 xr ab er|||||||||||rus d |
| 015 |
|
|
|a cnb000730020
|
| 035 |
|
|
|a (OCoLC)85704558
|
| 040 |
|
|
|a ABA001
|b cze
|c HKA001
|d BOA001
|
| 041 |
1 |
|
|a rus
|h cze
|
| 080 |
|
|
|a 627.8(282.243.71)(022)=82
|
| 100 |
1 |
|
|a Chlum, Antonín,
|d 1910-1987
|7 jk01050184
|4 aut
|
| 245 |
1 |
0 |
|a Vodochozjajstvennoje stroitel'stvo na reke Vltave /
|c Antonin Chlum ; s češskogo orig. ... perevel Vasilij Savickij
|
| 260 |
|
|
|a Praga :
|b Vodochozjajstvennoje upravlenije v gorode Praga,
|c 1960
|
| 300 |
|
|
|a 101 s. :
|b il., mp. ;
|c 8°
|
| 765 |
0 |
|
|t Vodohospodářská výstavba na Vltavě
|9 Rusky
|
| 910 |
|
|
|a BOA001
|b 2-0444.115
|
| 990 |
|
|
|a BK
|
| 991 |
|
|
|b 201407
|
| 996 |
6 |
|
|b 2619087783
|c 2-0444.115
|l MZK
|r Sklad / do 24 hodin
|n 0
|w 001436927
|u 000010
|a 1
|e BOA001
|j MZK50
|s P
|